000 00869nam a22001697a 4500
999 _c59162
_d59162
003 Ge_BSU
005 20221201135441.0
008 221201s1981ge xxu||||| |||| 00| 0 geo d
041 _ageo
080 _a821.353.1-1 ს-47
245 _aსიყვარულის წიგნი :
_b[ქართველ ავტორთა ლექსები] /
_c შემდგ.: გ. გეგეჭკორი და სხვ. ; მხატვ.: გ. წერეთელი ; ბოლოსიტყვ. ავტ.:გ. ასათიანი.
264 _aთბილისი :
_bსაბჭ. საქართველო,
_c1981.
300 _a438 გვ. :
_b ილ. ;
_c17 სმ.
653 _aქართული პოეზია.
700 _aგეგეჭკორი, გივი,
_eშემდგენელი
_95711
942 _2udc
_cBK